Domaines naturalistes - Statistiques

Statistiques générales
  • Ce quiz a été pris 304 fois
  • Le résultat moyen est 7 sur 14
Statistiques - réponses
Spécialité Organismes étudiés % Correct
Arachnologie Araignées
93%
Ornithologie Oiseaux
86%
Mammalogie Mammifères
85%
Anthropologie Êtres humains
73%
Entomologie Insectes
72%
Mycologie Champignons
64%
Ichtyologie Poissons
56%
Cétologie Cétacés
39%
Myriapodologie Mille-pattes
37%
Herpétologie Reptiles et amphibiens
34%
Dendrologie Arbres
27%
Myrmécologie Fourmis
22%
Carcinologie Crustacés
15%
Malacologie Mollusques
15%
Aucun quiz correspondant
Distribution des résultats
% des personnes avec chaque résultat
Percentile par nombre de réponses
Votre historique - résultats
Vous n’avez pas pris ce quiz